Ykkösliiga-seurat 2025 - Statistics

Yleistilastot
  • Tätä visaa on pelattu 23 kertaa
  • Keskiarvotulos 7 / 10
Vastaustilastot
Maakunta Seura % Oikein
Varsinais-Suomi TPS
95%
Päijät-Häme FC Lahti
80%
Pohjois-Karjala Jippo
75%
Uusimaa Klubi 04
75%
Etelä-Pohjanmaa SJK Akatemia
75%
Varsinais-Suomi SalPa
70%
Uusimaa EIF
65%
Uusimaa KäPa
65%
Uusimaa JäPS
55%
Uusimaa PK-35
55%
Ehtoja vastaavia visoja ei löytynyt
Tulosjakauma
Jokaisen tuloksen saaneiden osuus
Persentiili vastausten määrän mukaan
Tuloshistoriasi
Et ole pelannut tätä visaa